Marketing sensoriel une démarche globale pour les produits et les services

Gespeichert in:
Bibliographische Detailangaben
1. Verfasser: Giboreau, Agnès
Weitere Verfasser: Body, Laurence
Format: Buch
Sprache:Französisch
Veröffentlicht: Paris Vuibert 2012
Ausgabe:2. éd.
Schlagworte:
Tags: Tag hinzufügen
Keine Tags, Fügen Sie das erste Tag hinzu!

MARC

LEADER 00000nam a2200000 4500
001 0167675
005 20240226090539.6
020 |a 978-2-7117-6842-4 
041 0 |a fre 
044 |a FR 
245 1 0 |a Marketing sensoriel  |b une démarche globale pour les produits et les services  |c Agnès Giboreau, Laurence Body 
250 |a 2. éd. 
264 1 |a Paris  |b Vuibert  |c 2012 
300 |a xiv, 240 s. 
610 2 0 |a marketing 
610 2 0 |a produkty 
610 2 0 |a služby 
610 2 0 |a zákazníci 
100 1 |a Giboreau, Agnès 
700 1 |a Body, Laurence